| 000 | 00370nam a2200157Ia 4500 | ||
|---|---|---|---|
| 008 | 230917s9999||||xx |||||||||||||| ||und|| | ||
| 040 |
_e80724 _aMAIN |
||
| 041 | _aEnglish | ||
| 082 | _a346.03 W433C | ||
| 100 | _aWeir, Tony | ||
| 245 | 0 | _acase book on tort | |
| 250 | _a4th ed. | ||
| 260 |
_aLondon _bSweet & Maxwell _c1979 |
||
| 300 | _axxiv, 584 p. | ||
| 942 | _cBK | ||
| 999 |
_c202743 _d202743 |
||